<?xml version="1.0" encoding="UTF-8"?>
<record
    xmlns:xsi="http://www.w3.org/2001/XMLSchema-instance"
    xsi:schemaLocation="http://www.loc.gov/MARC21/slim http://www.loc.gov/standards/marcxml/schema/MARC21slim.xsd"
    xmlns="http://www.loc.gov/MARC21/slim">

  <leader>01192nam a2200217 a 4500</leader>
  <controlfield tag="001">BRCA_5678</controlfield>
  <controlfield tag="005">20190320205158.0</controlfield>
  <controlfield tag="008">180211s1951----mx-#######---#000-0#spa-#</controlfield>
  <datafield tag="041" ind1=" " ind2=" ">
    <subfield code="a">spa</subfield>
  </datafield>
  <datafield tag="050" ind1=" " ind2="4">
    <subfield code="b">H57 1951</subfield>
  </datafield>
  <datafield tag="245" ind1="1" ind2="0">
    <subfield code="a">Historia mexicana</subfield>
    <subfield code="c">El Colegio de M&#xE9;xico.</subfield>
  </datafield>
  <datafield tag="260" ind1=" " ind2=" ">
    <subfield code="a">M&#xE9;xico</subfield>
    <subfield code="b">El Colegio de M&#xE9;xico</subfield>
    <subfield code="c">1951</subfield>
  </datafield>
  <datafield tag="300" ind1=" " ind2=" ">
    <subfield code="a">80 fasc&#xED;culos</subfield>
  </datafield>
  <datafield tag="440" ind1=" " ind2="0">
    <subfield code="a">Revista Mexicana</subfield>
    <subfield code="n">N&#xAA;1, N&#xAA;2, N&#xAA;3, N&#xAA;4, N&#xAA;5, N&#xAA;6, N&#xAA;7, N&#xAA;8, N&#xAA;9, N&#xAA;10, N&#xAA;11, N&#xAA;12, N&#xAA;13, N&#xAA;14, N&#xAA;15, N&#xAA;16, N&#xAA;17, N&#xAA;18, N&#xAA;19, N&#xAA;20, N&#xAA;21, N&#xAA;21, N&#xAA;22, N&#xAA;23, N&#xAA;24, N&#xAA;25, N&#xAA;26, N&#xAA;27, N&#xAA;28, N&#xAA;29, N&#xAA;30, N&#xAA;31, N&#xAA;32, N&#xAA;33, N&#xAA;34, N&#xAA;35, N&#xAA;36, N&#xAA;37, N&#xAA;38, N&#xAA;39, N&#xAA;40, N&#xAA;41, N&#xAA;42, N&#xAA;43, N&#xAA;44, N&#xAA;45, N&#xAA;46, N&#xAA;47, N&#xAA;48, N&#xAA;50, N&#xAA;51,N&#xAA;52, N&#xAA;53, N&#xAA;54, N&#xAA;55, N&#xAA;56, N&#xAA;57, N&#xAA;58, N&#xAA;59, N&#xAA;60, N&#xAA;61, N&#xAA;62, N&#xAA;63, N&#xAA;64, N&#xAA;65, N&#xAA;66, N&#xAA;67, N&#xAA;68, N&#xAA;69, N&#xAA;70, N&#xAA;71, N&#xAA;72, N&#xAA;73, N&#xAA;74, N&#xAA;75, N&#xAA;76, N&#xAA;77, N&#xAA;78, N&#xAA;79, N&#xAA;80</subfield>
    <subfield code="9">14428</subfield>
  </datafield>
  <datafield tag="500" ind1=" " ind2=" ">
    <subfield code="a">El ejemplar N&#xAA;6 est&#xE1; duplicado; falta el Ejemplar N&#xAA;49; &#xED;ndice.</subfield>
  </datafield>
  <datafield tag="500" ind1=" " ind2=" ">
    <subfield code="a">Revista inventariada por Banco de M&#xE9;xico como libro</subfield>
  </datafield>
  <datafield tag="500" ind1=" " ind2=" ">
    <subfield code="a">F148</subfield>
  </datafield>
  <datafield tag="650" ind1="1" ind2="4">
    <subfield code="a">Historia</subfield>
    <subfield code="z">M&#xE9;xico</subfield>
    <subfield code="9">10416</subfield>
  </datafield>
  <datafield tag="902" ind1=" " ind2=" ">
    <subfield code="a">GFM</subfield>
  </datafield>
  <datafield tag="942" ind1=" " ind2=" ">
    <subfield code="2">lcc</subfield>
    <subfield code="c">B</subfield>
  </datafield>
  <datafield tag="999" ind1=" " ind2=" ">
    <subfield code="c">5371</subfield>
    <subfield code="d">5371</subfield>
  </datafield>
  <datafield tag="952" ind1=" " ind2=" ">
    <subfield code="0">0</subfield>
    <subfield code="1">0</subfield>
    <subfield code="4">0</subfield>
    <subfield code="7">0</subfield>
    <subfield code="a">BRCA</subfield>
    <subfield code="b">BRCA</subfield>
    <subfield code="d">2011-02-18</subfield>
    <subfield code="i">F148</subfield>
    <subfield code="l">0</subfield>
    <subfield code="o">H57 1951 (F148)</subfield>
    <subfield code="p">6114</subfield>
    <subfield code="r">2019-03-22 00:00:00</subfield>
    <subfield code="w">2019-03-22</subfield>
    <subfield code="y">B</subfield>
  </datafield>
</record>
